000 00479nam a2200181Ia 4500
005 20250317123432.0
008 008 250317s9999 xx 000 0 eng d
037 _aTextbook
040 _aFMSL
_beng
_cFMSL
041 _aeng
_2eng
084 _aD6:78 L0
_qFMSL
100 _aRose J
245 0 _aProgress of cybernetics
260 _aLondon
_bLondon, Gordan & Breach
_c1970
300 _a521p
942 _cTB
_hD6:78 L0
999 _c1251233
_d1251233